000
00304nam a22001337a 4500
020
_q
HB.
040
_c
FIZZA ISHAQ
082
_a
005.741
_b
RAF
100
_a
ISLAM, UL RAFOQ.
_9
87427
245
_a
DATA MISSING /
_c
RAFIQ UL ISLAM.
260
_b
SPRINGER,
_c
2019.
300
_a
398 P. ;
942
_2
ddc
_c
BK
999
_c
587516
_d
587516